<?xml version="1.0" encoding="UTF-8"?>
<record
    xmlns:xsi="http://www.w3.org/2001/XMLSchema-instance"
    xsi:schemaLocation="http://www.loc.gov/MARC21/slim http://www.loc.gov/standards/marcxml/schema/MARC21slim.xsd"
    xmlns="http://www.loc.gov/MARC21/slim">

  <leader>00565nam a22001937a 4500</leader>
  <controlfield tag="005">20260604164805.0</controlfield>
  <controlfield tag="008">260425b        |||||||| |||| 00| 0 eng d</controlfield>
  <datafield tag="020" ind1=" " ind2=" ">
    <subfield code="a">9781944660710</subfield>
    <subfield code="c">1650.00</subfield>
  </datafield>
  <datafield tag="040" ind1=" " ind2=" ">
    <subfield code="a">MAIN</subfield>
  </datafield>
  <datafield tag="041" ind1=" " ind2=" ">
    <subfield code="a">English</subfield>
  </datafield>
  <datafield tag="082" ind1=" " ind2=" ">
    <subfield code="a">535.353</subfield>
    <subfield code="b">NAK</subfield>
  </datafield>
  <datafield tag="100" ind1=" " ind2=" ">
    <subfield code="a">Nakanishi, Noboru</subfield>
    <subfield code="9">26762</subfield>
  </datafield>
  <datafield tag="245" ind1=" " ind2=" ">
    <subfield code="a">Differential Equations and their Applicaions</subfield>
    <subfield code="b">:  Analysis from a Physicist`s Viewpoint</subfield>
  </datafield>
  <datafield tag="260" ind1=" " ind2=" ">
    <subfield code="a">New Jersey </subfield>
    <subfield code="b">World Scientific</subfield>
    <subfield code="c">2024</subfield>
  </datafield>
  <datafield tag="300" ind1=" " ind2=" ">
    <subfield code="a">385</subfield>
  </datafield>
  <datafield tag="650" ind1=" " ind2=" ">
    <subfield code="a">Mathematics (PM USHA)</subfield>
    <subfield code="9">26738</subfield>
  </datafield>
  <datafield tag="700" ind1=" " ind2=" ">
    <subfield code="a">Seto, Kenji</subfield>
    <subfield code="9">26763</subfield>
  </datafield>
  <datafield tag="942" ind1=" " ind2=" ">
    <subfield code="c">BK</subfield>
  </datafield>
  <datafield tag="999" ind1=" " ind2=" ">
    <subfield code="c">60745</subfield>
    <subfield code="d">60745</subfield>
  </datafield>
  <datafield tag="952" ind1=" " ind2=" ">
    <subfield code="0">0</subfield>
    <subfield code="1">0</subfield>
    <subfield code="2">ddc</subfield>
    <subfield code="4">0</subfield>
    <subfield code="6">535_353000000000000_NAK</subfield>
    <subfield code="7">0</subfield>
    <subfield code="9">93818</subfield>
    <subfield code="a">MAIN</subfield>
    <subfield code="b">MAIN</subfield>
    <subfield code="d">2026-06-04</subfield>
    <subfield code="o">535.353 NAK</subfield>
    <subfield code="p">32851</subfield>
    <subfield code="r">2026-04-25</subfield>
    <subfield code="w">2026-04-25</subfield>
    <subfield code="y">BK</subfield>
    <subfield code="w">2026-04-25</subfield>
  </datafield>
  <datafield tag="952" ind1=" " ind2=" ">
    <subfield code="0">0</subfield>
    <subfield code="1">0</subfield>
    <subfield code="2">ddc</subfield>
    <subfield code="4">0</subfield>
    <subfield code="6">535_353000000000000_NAK</subfield>
    <subfield code="7">0</subfield>
    <subfield code="9">93819</subfield>
    <subfield code="a">MAIN</subfield>
    <subfield code="b">MAIN</subfield>
    <subfield code="d">2026-06-04</subfield>
    <subfield code="o">535.353 NAK</subfield>
    <subfield code="p">32852</subfield>
    <subfield code="r">2026-04-25</subfield>
    <subfield code="w">2026-04-25</subfield>
    <subfield code="y">BK</subfield>
    <subfield code="w">2026-04-25</subfield>
  </datafield>
  <datafield tag="952" ind1=" " ind2=" ">
    <subfield code="0">0</subfield>
    <subfield code="1">0</subfield>
    <subfield code="2">ddc</subfield>
    <subfield code="4">0</subfield>
    <subfield code="6">535_353000000000000_NAK</subfield>
    <subfield code="7">0</subfield>
    <subfield code="9">93820</subfield>
    <subfield code="a">MAIN</subfield>
    <subfield code="b">MAIN</subfield>
    <subfield code="d">2026-06-04</subfield>
    <subfield code="o">535.353 NAK</subfield>
    <subfield code="p">32853</subfield>
    <subfield code="r">2026-04-25</subfield>
    <subfield code="w">2026-04-25</subfield>
    <subfield code="y">BK</subfield>
    <subfield code="w">2026-04-25</subfield>
  </datafield>
</record>
